Beyond the firm: Business groups in international historical perspective (Record no. 1433212)
[ view plain ]
| 000 -LEADER | |
|---|---|
| fixed length control field | 00696nam a2200229Ia 4500 |
| 005 - DATE AND TIME OF LATEST TRANSACTION | |
| control field | 20250701164457.0 |
| 008 - FIXED-LENGTH DATA ELEMENTS--GENERAL INFORMATION | |
| fixed length control field | 008 250505s9999 xx 000 0 eng d |
| 020 ## - INTERNATIONAL STANDARD BOOK NUMBER | |
| International Standard Book Number | 9780198290605 |
| 037 ## - SOURCE OF ACQUISITION | |
| Stock number | Textual |
| 040 ## - CATALOGING SOURCE | |
| Original cataloging agency | EASL |
| Language of cataloging | eng |
| Transcribing agency | EASL |
| 041 ## - LANGUAGE CODE | |
| Language code of text/sound track or separate title | eng |
| Source of code | eng |
| 084 ## - COLON CLASSIFICATION NUMBER | |
| Classification number | X5.42.N9, N7 |
| Assigning agency | EASL |
| 100 ## - MAIN ENTRY--PERSONAL NAME | |
| Personal name | Shiba Takao Ed. |
| 9 (RLIN) | 619330 |
| 245 #0 - TITLE STATEMENT | |
| Title | Beyond the firm: Business groups in international historical perspective |
| 260 ## - PUBLICATION, DISTRIBUTION, ETC. | |
| Place of publication, distribution, etc. | USA |
| Name of publisher, distributor, etc. | USA Oxford University Press |
| Date of publication, distribution, etc. | 1997 |
| 300 ## - PHYSICAL DESCRIPTION | |
| Extent | 320P. |
| 365 ## - TRADE PRICE | |
| Price type code | Japan |
| Price amount | 97.51 |
| 490 ## - SERIES STATEMENT | |
| Series statement | Fuji Business History Series |
| 700 ## - ADDED ENTRY--PERSONAL NAME | |
| Personal name | Shimotani Masahiro |
| 9 (RLIN) | 674029 |
| 942 ## - ADDED ENTRY ELEMENTS (KOHA) | |
| Koha item type | Textual |
| Classification part | X5.42.N9, N7 |
| Withdrawn status | Lost status | Damaged status | Not for loan | Collection | Home library | Current library | Date acquired | Cost, normal purchase price | Total Checkouts | Full call number | Barcode | Date last seen | Price effective from | Koha item type |
|---|---|---|---|---|---|---|---|---|---|---|---|---|---|---|
| Japanese English Language | Department of East Asian Studies Library | Department of East Asian Studies Library | 2025-07-01 | 97.51 | X5.42.N9, N7 | EA1603018 | 2025-07-01 | 2025-07-01 | Textual |
